Vista normal
Vista MARC
Entrada Personal Name
Número de registros utilizados en: 1
001 - CONTROL NUMBER
- control field: 6280
003 - CONTROL NUMBER IDENTIFIER
- control field: OSt
005 - DATE AND TIME OF LATEST TRANSACTION
- control field: 20210601084148.0
008 - FIXED-LENGTH DATA ELEMENTS
- fixed length control field: 080501n| acannaabn |n aaa
010 ## - LIBRARY OF CONGRESS CONTROL NUMBER
- LC control number: 2008032466
040 ## - CATALOGING SOURCE
- Original cataloging agency: DLC
- Language of cataloging: spa
- Transcribing agency: Mx-PuUPA
- Modifying agency: Mx-PuUPA
- Description conventions: rda
100 1# - HEADING--PERSONAL NAME
- Personal name: Harpold, Terry,
374 ## - OCCUPATION
- Occupation: Autor
375 ## - GENDER
- Gender: hombre
377 ## - ASSOCIATED LANGUAGE
- Language code: eng
- Source of code: MARC code list for languages
670 ## - SOURCE DATA FOUND
- Source citation: Harpold, Terry. Ex-foliations, c2009:
- Information found: ECIP t.p. (Terry Harpold)
670 ## - SOURCE DATA FOUND
- Source citation: Biblioteca del congreso (Estados Unidos), 29 noviembre 2017:
- Information found: catálogo elctrónico
- Uniform Resource Identifier: https://goo.gl/sPk8Rv